000 00476nam a2200169 a 4500
005 20210223124654.0
008 020821s1994 mx r 000 0 spa d
020 _a9706280898
035 _aUPN01000118431
049 _aC
050 4 _aHM47 M6
_bC37
245 0 0 _aCatálogo de encuestas socioeconómicas y demográficas de México, 1980-1990.
260 _aMéxico :
_bCONAPO,
_c1994.
300 _a131 p.
650 4 _aENCUESTAS SOCIALES -
_zMEXICO
_921059
905 _aLibro
999 _c90806
_d90806